|
|
|
|
| LEADER |
00000nam2a2200000 4500 |
| 001 |
285456 |
| 005 |
20231101235809.0 |
| 020 |
|
|
|a RU
|b 84-57637
|
| 035 |
|
|
|a (RuTPU)RU\TPU\book\309698
|
| 090 |
|
|
|a 285456
|
| 100 |
|
|
|a 20150225g1984 km y0rusy5003 ca
|
| 101 |
0 |
|
|a rus
|
| 102 |
|
|
|a BY
|
| 105 |
|
|
|a y z 001zy
|
| 200 |
0 |
|
|a Ч. 2 : Задачи управления
|f Р. Ф. Габасов, Ф. М. Кириллова
|
| 210 |
|
|
|d 1984
|
| 215 |
|
|
|a 207 с.
|
| 320 |
|
|
|a Библиогр.: с. 207
|
| 461 |
|
1 |
|0 (RuTPU)RU\TPU\book\300537
|t Конструктивные методы оптимизации
|f Р. Габасов [и др.]
|v Ч. 2 : Задачи управления
|d 1984-1987
|
| 606 |
1 |
|
|a Оптимальные процессы
|x Математическая теория
|x (автоматика)
|2 stltpush
|3 (RuTPU)RU\TPU\subj\47190
|9 66250
|
| 610 |
1 |
|
|a автоматические системы управления динамические
|
| 610 |
1 |
|
|a кусочно-постоянные управления
|
| 610 |
1 |
|
|a алгоритмы
|
| 610 |
1 |
|
|a кусочно-постоянные управления
|
| 610 |
1 |
|
|a двойственные алгоритмы
|
| 610 |
1 |
|
|a адаптивные алгоритмы
|
| 610 |
1 |
|
|a опорные алгоритмы
|
| 610 |
1 |
|
|a опорные здачи
|
| 610 |
1 |
|
|a конструктивные методы
|
| 610 |
1 |
|
|a управление
|
| 610 |
1 |
|
|a задачи
|
| 610 |
1 |
|
|a решения
|
| 675 |
|
|
|a 681.51.01:517
|z rus
|v 3
|
| 700 |
|
1 |
|a Габасов
|b Р. Ф.
|g Рафаил Федорович
|4 070
|
| 701 |
|
1 |
|a Кириллова
|b Ф. М.
|g Фаина Михайловна
|
| 801 |
|
0 |
|a RU
|b RuMRKP
|c 19950704
|g psbo
|
| 801 |
|
1 |
|a RU
|b 63413507
|c 20150225
|
| 801 |
|
2 |
|a RU
|b 63413507
|c 20171107
|g RCR
|
| 942 |
|
|
|c BK
|